Opus cinématographiques 09 - Mission : Impossible - Statistiques

Statistiques générales
  • Ce quiz a été pris 243 fois
  • Le résultat moyen est 5 sur 6
Statistiques - réponses
Date de sortie Titre % Correct
1996 Mission Impossible
89%
2018 Mission Impossible - Fallout
86%
2000 Mission Impossible 2
85%
2011 Mission Impossible - Protocole Fantôme
85%
2006 Mission Impossible 3
83%
2015 Mission Impossible - Rogue Nation
82%
Aucun quiz correspondant
Distribution des résultats
% des personnes avec chaque résultat
Percentile par nombre de réponses
Votre historique - résultats
Vous n’avez pas pris ce quiz